[Event "La colonne ouverte"]
[Site "Gatineau CAN"]
[Date "2001.10.30"]
[Round "3"]
[White "Dessmark, Andres"]
[Black "Arsenault, Yves"]
[Result "1-0"]
[WhiteElo "1904"]
[BlackElo "1428"]
[PlyCount "85"]
[GameId "2160767911485075"]
[EventDate "2001.10.16"]
[EventType "swiss"]
[EventRounds "4"]
[EventCountry "CAN"]

1. d4 Nf6 2. c4 c6 3. Nc3 d5 4. cxd5 cxd5 5. Nf3 Nc6 6. Bf4 Bf5 7. e3 a6 8. Ne5 e6 9. Qb3 Nb4 10. Rc1 Be7 11. a3 Nc6 12. Nxc6 bxc6 13. Qb7 c5 14. dxc5 Bxc5 15. Qc6+ Nd7 16. Nxd5 exd5 17. Rxc5 O-O 18. Rxd5 Be4 19. Bc4 Bxg2 20. Rg1 Bxd5 21. Qxd5 Nf6 22. Rxg7+ Kxg7 23. Qg5+ Kh8 24. Be5 Rg8 25. Bxf6+ Qxf6 26. Qxf6+ Rg7 27. Bxa6 Kg8 28. Bc4 Rf8 29. a4 Rg1+ 30. Ke2 Rc1 31. b3 Rg1 32. a5 Rg6 33. Qf5 Kg7 34. a6 Rf6 35. Qg5+ Rg6 36. Qe5+ Kh6 37. a7 Rg5 38. Qb8 Rgg8 39. Qd6+ Kg7 40. Bd5 Rd8 41. Qe5+ f6 42. Qe7+ Kg6 43. Qf7+ 1-0

[Event "La colonne ouverte"]
[Site "Gatineau CAN"]
[Date "2001.10.30"]
[Round "3"]
[White "Ethier, Valori"]
[Black "Dallaire, Dominic"]
[Result "1/2-1/2"]
[WhiteElo "1296"]
[BlackElo "1594"]
[PlyCount "116"]
[GameId "2160767911485076"]
[EventDate "2001.10.16"]
[EventType "swiss"]
[EventRounds "4"]
[EventCountry "CAN"]

1. e4 c5 2. Nc3 d6 3. g3 Nf6 4. h3 g6 5. Bg2 Bg7 6. d3 O-O 7. Be3 Nc6 8. Qd2 Re8 9. Nge2 Bd7 10. O-O Ne5 11. f4 Nc6 12. Kh2 e6 13. Rab1 a6 14. a4 Rb8 15. Nd1 b5 16. axb5 axb5 17. c3 Ra8 18. Nf2 Qc7 19. Bf3 Ra4 20. b3 Ra3 21. e5 dxe5 22. Bxc5 Ra6 23. Ne4 Nxe4 24. dxe4 exf4 25. gxf4 Ne5 26. Be3 Nxf3+ 27. Rxf3 Bc6 28. Qc2 Qb7 29. Ng3 Rea8 30. Bd4 Bxd4 31. cxd4 Ra2 32. Rb2 Rxb2 33. Qxb2 Bxe4 34. Rf1 Bd5 35. Rg1 Kh8 36. h4 Qa7 37. Kh3 Qa2 38. Qc3 Qxb3 39. Qc7 Kg8 40. Qe5 Qf3 41. h5 Ra3 42. h6 Qh5+ 43. Qxh5 gxh5 44. Kh4 Kf8 45. Nxh5 Be4 46. Nf6 Bg6 47. Nd7+ Ke7 48. Ne5 Ra4 49. Rg5 b4 50. Nxg6+ fxg6 51. Rb5 Ra7 52. Rxb4 Kf6 53. Kg4 Rd7 54. Rc4 Ke7 55. Kg5 Rd5+ 56. Kg4 Kd8 57. Ra4 Rd7 58. Ra8+ Ke7 1/2-1/2

[Event "La colonne ouverte"]
[Site "Gatineau CAN"]
[Date "2001.10.30"]
[Round "3"]
[White "Thomann, Olivier"]
[Black "Blouin, Francois"]
[Result "1-0"]
[WhiteElo "1843"]
[BlackElo "1391"]
[PlyCount "69"]
[GameId "2160767911485077"]
[EventDate "2001.10.16"]
[EventType "swiss"]
[EventRounds "4"]
[EventCountry "CAN"]

1. e4 e5 2. Nf3 Nc6 3. d4 Qe7 4. Nc3 exd4 5. Nxd4 Nf6 6. Nf5 Qe5 7. f4 Qa5 8. Bd3 d6 9. Ne3 Qh5 10. Qxh5 Nxh5 11. O-O Bd7 12. Bc4 Be6 13. Ncd5 O-O-O 14. Bd2 g6 15. g4 Ng7 16. f5 gxf5 17. exf5 Bxd5 18. Bxd5 Ne5 19. Bc3 f6 20. Rad1 h5 21. Bxe5 fxe5 22. f6 Ne8 23. Be6+ Kb8 24. g5 c6 25. h4 Nc7 26. Bf7 Rd7 27. g6 Rxf7 28. gxf7 Ne6 29. Nf5 Kc7 30. Ng7 Nxg7 31. fxg7 Bxg7 32. Rf5 Kd7 33. Rg5 Bf6 34. Rg8 Ke7 35. f8=Q+ 1-0

[Event "La colonne ouverte"]
[Site "Gatineau CAN"]
[Date "2001.10.30"]
[Round "3"]
[White "Villeneuve, Luc"]
[Black "Levesque, Andre"]
[Result "1-0"]
[WhiteElo "1503"]
[BlackElo "1424"]
[PlyCount "87"]
[GameId "2160767911485078"]
[EventDate "2001.10.16"]
[EventType "swiss"]
[EventRounds "4"]
[EventCountry "CAN"]

1. f4 d5 2. b3 Nf6 3. Bb2 c6 4. Nf3 Bf5 5. e3 h6 6. Be2 Nbd7 7. O-O Rc8 8. c4 e6 9. cxd5 cxd5 10. Nc3 a6 11. Ne5 Be7 12. d4 O-O 13. Bf3 Qa5 14. Rc1 Bb4 15. Na4 b5 16. a3 Bd2 17. Nc6 Bxe3+ 18. Kh1 Rxc6 19. Rxc6 bxa4 20. bxa4 Rb8 21. Bc3 Qd8 22. Qe2 Bxf4 23. Qxa6 Bc7 24. Rc1 Rb6 25. Rxb6 Nxb6 26. Ba5 Nc4 27. Bxc7 Qxc7 28. Qa8+ Kh7 29. Be2 Qf4 30. Rf1 Qxd4 31. Qb8 Ne3 32. Re1 Bg4 33. Bxg4 Nfxg4 34. Qg3 f5 35. h3 f4 36. Qf3 Ne5 37. Qe2 Qxa4 38. Qb2 Nd3 39. Qb1 Qe4 40. Rg1 Nxg2 41. Kh2 f3 42. a4 Ngf4 43. Qa1 f2 44. Qxg7# 1-0

[Event "La colonne ouverte"]
[Site "Gatineau CAN"]
[Date "2001.11.06"]
[Round "4"]
[White "Arsenault, Yves"]
[Black "Bussiere, Denis"]
[Result "0-1"]
[WhiteElo "1428"]
[BlackElo "1684"]
[PlyCount "92"]
[GameId "2160767911485079"]
[EventDate "2001.10.16"]
[EventType "swiss"]
[EventRounds "4"]
[EventCountry "CAN"]

1. e4 c6 2. d4 d5 3. e5 Bf5 4. Nf3 e6 5. Bd3 Bxd3 6. Qxd3 Qa5+ 7. Bd2 Qa6 8. Qxa6 Nxa6 9. O-O Nb4 10. Bxb4 Bxb4 11. c3 Bf8 12. Nbd2 h5 13. h4 Ne7 14. Ng5 Nf5 15. g3 Be7 16. Ndf3 c5 17. dxc5 Bxc5 18. Kg2 Be7 19. Rac1 b5 20. b3 Rc8 21. Rc2 Bxg5 22. Nxg5 Nd4 23. Rd2 Nc6 24. f4 O-O 25. Kf3 b4 26. c4 dxc4 27. bxc4 Na5 28. g4 hxg4+ 29. Kxg4 Nxc4 30. Rd3 Rcd8 31. Rh3 Rd4 32. Re1 Nb6 33. h5 Nd5 34. Re4 Rxe4 35. Nxe4 Rc8 36. Nd6 Rc2 37. h6 gxh6 38. Rxh6 Rxa2 39. Rh3 Rf2 40. f5 Re2 41. fxe6 fxe6 42. Rh5 b3 43. Nb5 Ra2 44. Rh3 b2 45. Rb3 a6 46. Nd6 Nc3 0-1

[Event "La colonne ouverte"]
[Site "Gatineau CAN"]
[Date "2001.11.06"]
[Round "4"]
[White "Beauparlant, Roch"]
[Black "Blais, Robert"]
[Result "1-0"]
[WhiteElo "1578"]
[BlackElo "1576"]
[PlyCount "118"]
[GameId "2160767911485080"]
[EventDate "2001.10.16"]
[EventType "swiss"]
[EventRounds "4"]
[EventCountry "CAN"]

1. c4 c5 2. e3 Nf6 3. d4 cxd4 4. exd4 g6 5. Nf3 Bg7 6. Be2 O-O 7. O-O d5 8. cxd5 Nxd5 9. Nc3 Nc6 10. Qb3 e6 11. Bg5 Qa5 12. Rfd1 Nxd4 13. Nxd4 Nxc3 14. bxc3 Qxg5 15. Rac1 Qc5 16. Nb5 a6 17. Nd6 b5 18. Bf3 Ra7 19. Rd3 Rd7 20. Rcd1 Rfd8 21. Nb7 Bxb7 22. Rxd7 Rxd7 23. Rxd7 Bxf3 24. gxf3 Bxc3 25. Qc2 b4 26. Rd3 Qg5+ 27. Kf1 Qf4 28. Kg2 Be5 29. Qc8+ Kg7 30. Qxa6 Qxh2+ 31. Kf1 Qh1+ 32. Ke2 Bc3 33. Rd1 Qh4 34. Qd3 Qg5 35. Qe4 Qa5 36. Qc4 Qe5+ 37. Qe4 Qb5+ 38. Qd3 Qa4 39. Qb1 e5 40. Qb3 Qb5+ 41. Rd3 Qa5 42. a3 h5 43. axb4 Bxb4 44. Rd7 Qb5+ 45. Qd3 Qxd3+ 46. Kxd3 Kf6 47. Ke4 Ke6 48. Rb7 f5+ 49. Kd3 Bc5 50. Ke2 Kf6 51. Rb5 Bd4 52. Ra5 Kg5 53. Ra6 h4 54. Kf1 h3 55. Ra8 e4 56. fxe4 fxe4 57. Ra4 Bxf2 58. Kxf2 Kf4 59. Ra3 g5 1-0

[Event "La colonne ouverte"]
[Site "Gatineau CAN"]
[Date "2001.11.06"]
[Round "4"]
[White "Ethier, Valori"]
[Black "Villeneuve, Luc"]
[Result "0-1"]
[WhiteElo "1296"]
[BlackElo "1503"]
[PlyCount "110"]
[GameId "2160767911485081"]
[EventDate "2001.10.16"]
[EventType "swiss"]
[EventRounds "4"]
[EventCountry "CAN"]

1. e4 e6 2. d4 d5 3. e5 c5 4. c3 Nc6 5. Nf3 Qb6 6. Bd3 Bd7 7. dxc5 Bxc5 8. O-O Qc7 9. Qe2 h6 10. Na3 a6 11. Nc2 Nge7 12. b4 Ba7 13. a4 Bb8 14. Re1 Ng6 15. Bxg6 fxg6 16. Bd2 O-O 17. Rac1 Rxf3 18. gxf3 Nxe5 19. Bf4 Nxf3+ 20. Qxf3 Qxf4 21. Qxf4 Bxf4 22. Rcd1 Bxa4 23. Re2 Rc8 24. Rd4 e5 25. Rxd5 Rxc3 26. Ne3 Rc1+ 27. Nf1 Bb5 28. Rxb5 axb5 29. Ra2 Rb1 30. Ra8+ Kf7 31. Rb8 Rxb4 32. Rxb7+ Kf6 33. Rb6+ Kg5 34. Rb7 Rb1 35. Rxg7 Bxh2+ 36. Kxh2 Rxf1 37. Kg3 b4 38. Rb7 Rb1 39. Rb5 Kf5 40. Kf3 b3 41. Rb4 g5 42. Kg3 b2 43. Kf3 h5 44. Ke2 h4 45. Kd2 h3 46. Kc2 Rf1 47. Kxb2 h2 48. Rb8 h1=Q 49. Rf8+ Kg4 50. f3+ Kg3 51. Rf5 Rb1+ 52. Ka2 Qc1 53. Rxg5+ Kf2 54. Rg2+ Kxg2 55. f4 Qb2# 0-1

[Event "La colonne ouverte"]
[Site "Gatineau CAN"]
[Date "2001.11.06"]
[Round "4"]
[White "Lacourse, Guy"]
[Black "Mai, Lloyd"]
[Result "1-0"]
[WhiteElo "1696"]
[BlackElo "1103"]
[PlyCount "83"]
[GameId "2160767911485082"]
[EventDate "2001.10.16"]
[EventType "swiss"]
[EventRounds "4"]
[EventCountry "CAN"]

1. d4 d5 2. Nf3 Bf5 3. c4 e6 4. Nc3 Nf6 5. Bg5 Bb4 6. Rc1 c6 7. e3 Nbd7 8. a3 Bxc3+ 9. Rxc3 h6 10. Bh4 Qb6 11. b4 a5 12. Qa4 O-O 13. c5 Qc7 14. Bg3 Qc8 15. b5 Ne4 16. Rc1 b6 17. bxc6 Ndxc5 18. dxc5 Nxc5 19. Qb5 Ra6 20. Rxc5 bxc5 21. Qxa6 Qxa6 22. Bxa6 c4 23. Ne5 Rb8 24. Bb7 f6 25. c7 Re8 26. c8=Q Rxc8 27. Bxc8 fxe5 28. Bxe5 g5 29. h3 a4 30. g4 Be4 31. Bxe6+ Kf8 32. f3 Bd3 33. Bxd5 Ke7 34. f4 gxf4 35. exf4 Kd7 36. f5 Ke7 37. f6+ Kf8 38. f7 c3 39. Bd6+ Kg7 40. f8=Q+ Kg6 41. Be7 Bc4 42. Qg8# 1-0

[Event "La colonne ouverte"]
[Site "Gatineau CAN"]
[Date "2001.11.06"]
[Round "4"]
[White "Lemieux, Richard"]
[Black "Lavergne, Daniel"]
[Result "0-1"]
[WhiteElo "1701"]
[BlackElo "1692"]
[PlyCount "72"]
[GameId "2160767911485083"]
[EventDate "2001.10.16"]
[EventType "swiss"]
[EventRounds "4"]
[EventCountry "CAN"]

1. e4 c5 2. d4 cxd4 3. c3 Nf6 4. e5 Nd5 5. c4 Nb4 6. a3 Qa5 7. axb4 Qxa1 8. Na3 e6 9. c5 Nc6 10. Nb5 Nxb4 11. Nc7+ Kd8 12. Bg5+ Kxc7 13. Qxa1 Nc2+ 14. Kd2 Nxa1 15. Bc4 b5 16. Ba2 b4 17. b3 Bxc5 18. Nh3 Nxb3+ 19. Bxb3 Bb7 20. Rc1 Kb6 21. f3 a5 22. Nf4 Rhc8 23. Nd3 a4 24. Bc4 Ba6 25. Bxa6 Rxa6 26. Be7 Ra5 27. Nb2 Raa8 28. Nc4+ Kb5 29. Bd6 b3 30. Kd3 Kb4 31. Nb6 Bxd6 32. Nxc8 Rxc8 33. Rxc8 Bxe5 34. g3 b2 35. Kc2 d3+ 36. Kb1 d2 0-1

[Event "La colonne ouverte"]
[Site "Gatineau CAN"]
[Date "2001.11.06"]
[Round "4"]
[White "Thomann, Olivier"]
[Black "Dessmark, Andres"]
[Result "1/2-1/2"]
[WhiteElo "1843"]
[BlackElo "1904"]
[PlyCount "27"]
[GameId "2160767911485084"]
[EventDate "2001.10.16"]
[EventType "swiss"]
[EventRounds "4"]
[EventCountry "CAN"]

1. e4 e6 2. d4 d5 3. exd5 exd5 4. Bd3 Bd6 5. Nc3 Nf6 6. Bg5 c6 7. Qe2+ Be6 8. Nf3 O-O 9. O-O Nbd7 10. Ne5 Qc7 11. Nxd7 Nxd7 12. f4 Rae8 13. Qh5 f5 14. Rae1 1/2-1/2

[Event "Labour Day op"]
[Site "Victoria CAN"]
[Date "2001.09.01"]
[Round "1"]
[White "Becherer, Michael"]
[Black "Scoones, Dan"]
[Result "0-1"]
[WhiteElo "1650"]
[BlackElo "2302"]
[PlyCount "80"]
[GameId "2160767911485381"]
[EventDate "2001.09.01"]
[EventType "swiss"]
[EventRounds "6"]
[EventCountry "CAN"]
[SourceTitle "EXT 2022"]
[Source "ChessBase"]
[SourceDate "2021.10.06"]
[SourceVersion "1"]
[SourceVersionDate "2021.10.06"]
[SourceQuality "1"]

1. d4 Nf6 2. Bf4 g6 3. e3 Bg7 4. Nd2 O-O 5. c3 d6 6. Be2 Nbd7 7. h4 e5 8. Bg5 h6 9. dxe5 dxe5 10. Bxf6 Bxf6 11. h5 g5 12. Bc4 Qe7 13. Qc2 Re8 14. O-O-O e4 15. Ne2 Nc5 16. Ng3 Nd3+ 17. Bxd3 exd3 18. Qxd3 a5 19. Nf3 a4 20. Nd4 a3 21. Rd2 axb2+ 22. Kb1 Qa3 23. Rxb2 Be6 24. Kc2 Qa4+ 25. Kc1 Bc4 26. Qf5 Bg7 27. Qc5 Bxa2 28. Ngf5 Bf8 29. Nxh6+ Bxh6 30. Nf5 Bf8 31. Qd4 Be6 32. Qf6 Qa1+ 33. Rb1 Qa3+ 34. Rb2 Qa1+ 35. Rb1 Qa3+ 36. Rb2 Bxf5 37. Qxg5+ Kh8 38. Qxf5 Qxc3+ 39. Qc2 Ra1+ 40. Rb1 Ba3+ 0-1

[Event "Labour Day op"]
[Site "Victoria CAN"]
[Date "2001.09.01"]
[Round "1"]
[White "Campbell, Jamie"]
[Black "Wu, Howard"]
[Result "0-1"]
[WhiteElo "1551"]
[BlackElo "2226"]
[PlyCount "84"]
[GameId "2160767911550918"]
[EventDate "2001.09.01"]
[EventType "swiss"]
[EventRounds "6"]
[EventCountry "CAN"]
[SourceTitle "EXT 2022"]
[Source "ChessBase"]
[SourceDate "2021.10.06"]
[SourceVersion "1"]
[SourceVersionDate "2021.10.06"]
[SourceQuality "1"]

1. e4 c5 2. c3 Nf6 3. e5 Nd5 4. d4 cxd4 5. cxd4 Nc6 6. Bc4 Nb6 7. Bb3 d6 8. exd6 Qxd6 9. Nf3 Be6 10. Be3 Qb4+ 11. Nc3 Bxb3 12. Qxb3 Qxb3 13. axb3 e6 14. Nb5 Bb4+ 15. Ke2 Nd5 16. Ne5 a5 17. Nxc6 bxc6 18. Na3 Kd7 19. Nc4 f6 20. Nd2 Rhb8 21. Nc4 Rb5 22. Na3 Rb7 23. Nc4 Rb5 24. Na3 Bxa3 25. Rxa3 Rab8 26. Rha1 Rxb3 27. Rxb3 Rxb3 28. Rxa5 Rxb2+ 29. Kd3 g5 30. Ra7+ Nc7 31. h4 h6 32. hxg5 hxg5 33. Ke4 Kd6 34. Kf3 Nb5 35. Rf7 f5 36. Bxg5 Nxd4+ 37. Kg3 Rb3+ 38. f3 c5 39. Be7+ Kd5 40. Bxc5 Kxc5 41. Rc7+ Kd5 42. Rd7+ Kc4 0-1

[Event "Labour Day op"]
[Site "Victoria CAN"]
[Date "2001.09.01"]
[Round "1"]
[White "Martinson, Rick"]
[Black "Long, Hugh"]
[Result "0-1"]
[WhiteElo "1809"]
[BlackElo "1897"]
[PlyCount "42"]
[GameId "2160767911550919"]
[EventDate "2001.09.01"]
[EventType "swiss"]
[EventRounds "6"]
[EventCountry "CAN"]
[SourceTitle "EXT 2022"]
[Source "ChessBase"]
[SourceDate "2021.10.06"]
[SourceVersion "1"]
[SourceVersionDate "2021.10.06"]
[SourceQuality "1"]

1. d4 Nf6 2. c4 e6 3. Nc3 d5 4. Nf3 Be7 5. e3 O-O 6. Bd3 c5 7. O-O Nc6 8. a3 dxc4 9. Bxc4 cxd4 10. exd4 a6 11. b4 b5 12. Ba2 Bb7 13. d5 exd5 14. Bxd5 Qc7 15. Qb3 Rad8 16. Rd1 Nxd5 17. Nxd5 Rxd5 18. Rxd5 Bf6 19. Bb2 Na5 20. Rc5 Qxc5 21. a4 Bd5 0-1

[Event "Labour Day op"]
[Site "Victoria CAN"]
[Date "2001.09.01"]
[Round "1"]
[White "Moore, Harry"]
[Black "Paulson, Stewart"]
[Result "1-0"]
[WhiteElo "2254"]
[BlackElo "1537"]
[PlyCount "79"]
[GameId "2160767911550920"]
[EventDate "2001.09.01"]
[EventType "swiss"]
[EventRounds "6"]
[EventCountry "CAN"]
[SourceTitle "EXT 2022"]
[Source "ChessBase"]
[SourceDate "2021.10.06"]
[SourceVersion "1"]
[SourceVersionDate "2021.10.06"]
[SourceQuality "1"]

1. d4 d5 2. c4 e6 3. Nc3 Nf6 4. Nf3 Nc6 5. e3 Be7 6. Bd3 Nb4 7. Be2 O-O 8. O-O c5 9. a3 Nc6 10. dxc5 Bxc5 11. b4 Be7 12. Bb2 b6 13. Qb3 dxc4 14. Bxc4 Qc7 15. Rac1 Kh8 16. Ne2 Bb7 17. Bb5 Rac8 18. Bxc6 Bxc6 19. b5 Bc5 20. bxc6 e5 21. Nxe5 Ne4 22. Ng3 Nd2 23. Qc3 Nxf1 24. Nd7 Rg8 25. Nxf1 Qxc6 26. Nxc5 Qb5 27. Rd1 bxc5 28. Ng3 f6 29. Ne4 Qc6 30. Nxf6 gxf6 31. Qxf6+ Qxf6 32. Bxf6+ Rg7 33. Rd7 Rcg8 34. Kf1 h6 35. Ke2 Kh7 36. Rxg7+ Rxg7 37. Bxg7 Kxg7 38. Kd3 Kf6 39. Kc4 Ke5 40. Kxc5 1-0

[Event "Labour Day op"]
[Site "Victoria CAN"]
[Date "2001.09.01"]
[Round "1"]
[White "Ozkan, Caqri"]
[Black "Stanford, Mike"]
[Result "0-1"]
[WhiteElo "1403"]
[BlackElo "2187"]
[PlyCount "58"]
[GameId "2160767911550921"]
[EventDate "2001.09.01"]
[EventType "swiss"]
[EventRounds "6"]
[EventCountry "CAN"]
[SourceTitle "EXT 2022"]
[Source "ChessBase"]
[SourceDate "2021.10.06"]
[SourceVersion "1"]
[SourceVersionDate "2021.10.06"]
[SourceQuality "1"]

1. e4 c5 2. Nf3 e6 3. d4 cxd4 4. Nxd4 Nf6 5. Nd2 d6 6. Be2 a6 7. O-O Be7 8. a4 Qc7 9. c3 b6 10. Kh1 Bb7 11. f3 Nbd7 12. Nc4 h6 13. Be3 d5 14. exd5 Bxd5 15. Nd2 Bd6 16. Bg1 h5 17. Qe1 h4 18. h3 Nh5 19. Bf2 Bg3 20. Bd3 Ne5 21. Be4 Bxf2 22. Rxf2 Bxe4 23. Nxe4 Nd3 24. Qd2 Nxf2+ 25. Qxf2 Ng3+ 26. Kg1 Qf4 27. Re1 O-O 28. Nd2 Rac8 29. Ne4 Rfd8 0-1

[Event "Labour Day op"]
[Site "Victoria CAN"]
[Date "2001.09.01"]
[Round "2"]
[White "Paulson, Stewart"]
[Black "Gorgevik, Kristijan"]
[Result "1-0"]
[WhiteElo "1537"]
[BlackElo "1197"]
[PlyCount "109"]
[GameId "2160767911550922"]
[EventDate "2001.09.01"]
[EventType "swiss"]
[EventRounds "6"]
[EventCountry "CAN"]
[SourceTitle "EXT 2022"]
[Source "ChessBase"]
[SourceDate "2021.10.06"]
[SourceVersion "1"]
[SourceVersionDate "2021.10.06"]
[SourceQuality "1"]

1. d4 d6 2. c4 Nf6 3. Nc3 e6 4. Bg5 h6 5. Bh4 Be7 6. Nf3 Nc6 7. e3 e5 8. dxe5 dxe5 9. Qxd8+ Bxd8 10. O-O-O O-O 11. Bd3 Ng4 12. Bg3 Re8 13. e4 a5 14. h3 Nf6 15. Nd2 a4 16. a3 Nd4 17. f4 exf4 18. Bxf4 Nb3+ 19. Kb1 Nh5 20. Bh2 Bg5 21. Nxb3 axb3 22. Bxc7 Bf4 23. Bxf4 Nxf4 24. g4 Rd8 25. Nd5 Nxd5 26. exd5 Re8 27. Rhe1 Rf8 28. Re3 Bd7 29. Re7 Rad8 30. Rde1 Rfe8 31. Rxe8+ Bxe8 32. Re7 Bd7 33. Kc1 Kf8 34. Re2 Rc8 35. Kd2 Rb8 36. Kc3 b5 37. c5 g6 38. c6 Bc8 39. Kxb3 f5 40. Rf2 Ke7 41. Kb4 fxg4 42. hxg4 Kd6 43. Rf6+ Kxd5 44. Rxg6 Kd4 45. Bxb5 Ba6 46. a4 Bc8 47. Rd6+ Ke5 48. Kc5 Bxg4 49. Rxh6 Rd8 50. Bc4 Rb8 51. b4 Rc8 52. Bb3 Bd7 53. b5 Kf5 54. a5 Be8 55. Be6+ 1-0

[Event "Labour Day op"]
[Site "Victoria CAN"]
[Date "2001.09.01"]
[Round "2"]
[White "Raymer, Elliot"]
[Black "Campbell, Jamie"]
[Result "0-1"]
[WhiteElo "1128"]
[BlackElo "1551"]
[PlyCount "98"]
[GameId "2160767911550923"]
[EventDate "2001.09.01"]
[EventType "swiss"]
[EventRounds "6"]
[EventCountry "CAN"]
[SourceTitle "EXT 2022"]
[Source "ChessBase"]
[SourceDate "2021.10.06"]
[SourceVersion "1"]
[SourceVersionDate "2021.10.06"]
[SourceQuality "1"]

1. e4 d6 2. d4 Nf6 3. Nc3 g6 4. Bc4 Bg7 5. Nf3 O-O 6. h3 Nxe4 7. Bxf7+ Rxf7 8. Nxe4 d5 9. Nfg5 dxe4 10. Nxf7 Kxf7 11. c3 e5 12. Qb3+ Kf8 13. Qb4+ Qe7 14. Qxe7+ Kxe7 15. Bg5+ Ke6 16. Rd1 exd4 17. cxd4 Kd5 18. Be3 Nc6 19. Ke2 b6 20. Rd2 Nxd4+ 21. Bxd4 Bxd4 22. Rhd1 c5 23. b4 Ba6+ 24. Ke1 Ke5 25. Rc1 cxb4 26. Kd1 e3 27. Rdc2 e2+ 28. Kd2 Bc3+ 29. Rxc3 bxc3+ 30. Rxc3 Rd8+ 31. Kc2 e1=Q 32. Re3+ Qxe3 33. fxe3 Ke4 34. g4 Kxe3 35. h4 Ke2 36. Kc3 g5 37. hxg5 Rg8 38. a4 Rxg5 39. Kd4 Rxg4+ 40. Ke5 h5 41. a5 h4 42. axb6 axb6 43. Kf5 Rg1 44. Kf4 h3 45. Ke5 h2 46. Ke6 h1=Q 47. Ke7 Rg6 48. Ke8 Qh7 49. Kf8 Rg8# 0-1

[Event "Labour Day op"]
[Site "Victoria CAN"]
[Date "2001.09.01"]
[Round "2"]
[White "Raymer, Evan"]
[Black "Moore, Harry"]
[Result "0-1"]
[WhiteElo "1269"]
[BlackElo "2254"]
[PlyCount "78"]
[GameId "2160767911550924"]
[EventDate "2001.09.01"]
[EventType "swiss"]
[EventRounds "6"]
[EventCountry "CAN"]
[SourceTitle "EXT 2022"]
[Source "ChessBase"]
[SourceDate "2021.10.06"]
[SourceVersion "1"]
[SourceVersionDate "2021.10.06"]
[SourceQuality "1"]

1. e4 g6 2. d4 Bg7 3. c4 d6 4. Nf3 Bg4 5. Be2 Bxf3 6. Bxf3 Nc6 7. d5 Nd4 8. Nd2 Nf6 9. b3 Nxf3+ 10. Qxf3 Nxd5 11. Rb1 Nf6 12. Bb2 O-O 13. O-O c6 14. Rfe1 Qa5 15. Bc3 Qh5 16. Rbd1 Qxf3 17. Nxf3 Nd7 18. Bd2 Ne5 19. Nxe5 Bxe5 20. Re3 b5 21. Rh3 Rfb8 22. Rc1 c5 23. Bc3 Bxc3 24. Rhxc3 a5 25. cxb5 Rxb5 26. Rc4 Rb4 27. Rxb4 axb4 28. Rc2 f5 29. exf5 gxf5 30. f3 Kf7 31. Kf1 e5 32. Rd2 Ke6 33. Ke2 d5 34. g4 fxg4 35. fxg4 Rf8 36. Rd1 d4 37. Kd3 Kd5 38. h4 Rf2 39. Ra1 e4# 0-1

[Event "Labour Day op"]
[Site "Victoria CAN"]
[Date "2001.09.01"]
[Round "2"]
[White "Scoones, Dan"]
[Black "Leblanc, Paul"]
[Result "0-1"]
[WhiteElo "2302"]
[BlackElo "2043"]
[PlyCount "64"]
[GameId "2160767911550925"]
[EventDate "2001.09.01"]
[EventType "swiss"]
[EventRounds "6"]
[EventCountry "CAN"]
[SourceTitle "EXT 2022"]
[Source "ChessBase"]
[SourceDate "2021.10.06"]
[SourceVersion "1"]
[SourceVersionDate "2021.10.06"]
[SourceQuality "1"]

1. g3 d5 2. Nf3 Nf6 3. Bg2 c6 4. c4 Bf5 5. cxd5 cxd5 6. Qb3 Qc8 7. Nc3 e6 8. d3 Nc6 9. Bf4 Bb4 10. O-O O-O 11. Rac1 Qd7 12. Ne5 Nxe5 13. Bxe5 Bd6 14. Bxd6 Qxd6 15. e4 dxe4 16. dxe4 Bg4 17. f3 Bh5 18. Rfd1 Qc5+ 19. Kh1 Rac8 20. Ne2 Qe7 21. Nf4 g5 22. Rxc8 Rxc8 23. e5 gxf4 24. exf6 Qxf6 25. Qxb7 Rc2 26. Qb8+ Kg7 27. g4 Bg6 28. Rd8 Qh4 29. Rg8+ Kh6 30. Rxg6+ hxg6 31. Qh8+ Kg5 32. Qd8+ f6 0-1

[Event "Labour Day op"]
[Site "Victoria CAN"]
[Date "2001.09.01"]
[Round "2"]
[White "Stanford, Mike"]
[Black "Long, Hugh"]
[Result "1-0"]
[WhiteElo "2187"]
[BlackElo "1897"]
[PlyCount "89"]
[GameId "2160767911550926"]
[EventDate "2001.09.01"]
[EventType "swiss"]
[EventRounds "6"]
[EventCountry "CAN"]
[SourceTitle "EXT 2022"]
[Source "ChessBase"]
[SourceDate "2021.10.06"]
[SourceVersion "1"]
[SourceVersionDate "2021.10.06"]
[SourceQuality "1"]

1. e4 d5 2. exd5 Nf6 3. Nf3 Nxd5 4. d4 Bg4 5. Be2 e6 6. c4 Bb4+ 7. Kf1 Nf6 8. Qa4+ Nc6 9. Be3 Be7 10. Ne5 Bxe2+ 11. Kxe2 O-O 12. Nxc6 bxc6 13. Qxc6 Rb8 14. b3 Ng4 15. Nd2 Bf6 16. Qe4 Nxe3 17. fxe3 c5 18. Nf3 Qa5 19. Rhd1 Rfd8 20. Rd2 Rxb3 21. axb3 Qxa1 22. dxc5 Rxd2+ 23. Nxd2 g6 24. Qb7 Qg1 25. Nf1 Kg7 26. b4 h5 27. Qf3 Be5 28. h3 f5 29. b5 Kf6 30. Qf2 Qxf2+ 31. Kxf2 h4 32. Nd2 g5 33. Nf3 Bg3+ 34. Ke2 e5 35. e4 fxe4 36. Nd2 Ke6 37. b6 axb6 38. cxb6 Kd7 39. Nxe4 Bf4 40. Kf3 Kc6 41. c5 Kb7 42. Kg4 Be3 43. Kf5 Bf4 44. Nxg5 Bh2 45. Nf3 1-0

[Event "Labour Day op"]
[Site "Victoria CAN"]
[Date "2001.09.02"]
[Round "3"]
[White "Campbell, Jamie"]
[Black "Aquino, Manfrei"]
[Result "0-1"]
[WhiteElo "1551"]
[BlackElo "1927"]
[PlyCount "66"]
[GameId "2160767911550927"]
[EventDate "2001.09.01"]
[EventType "swiss"]
[EventRounds "6"]
[EventCountry "CAN"]
[SourceTitle "EXT 2022"]
[Source "ChessBase"]
[SourceDate "2021.10.06"]
[SourceVersion "1"]
[SourceVersionDate "2021.10.06"]
[SourceQuality "1"]

1. Nf3 d5 2. e4 dxe4 3. Ne5 Nd7 4. Nxd7 Bxd7 5. Nc3 Nf6 6. d3 exd3 7. Bxd3 g6 8. O-O Bc6 9. Bg5 Bg7 10. Qd2 O-O 11. Bh6 e5 12. Rfe1 Re8 13. Ne4 Nxe4 14. Bxe4 Qxd2 15. Bxd2 Bxe4 16. Rxe4 Rad8 17. Bc3 f5 18. Re2 e4 19. Bxg7 Kxg7 20. Rae1 Rd7 21. f3 Rde7 22. fxe4 Rxe4 23. Rxe4 fxe4 24. Kf2 Kf6 25. Ke3 Re7 26. Rf1+ Ke5 27. Rf4 Kd5 28. b3 b5 29. c4+ bxc4 30. bxc4+ Kxc4 31. Rxe4+ Rxe4+ 32. Kxe4 c5 33. a4 Kb3 0-1

[Event "Labour Day op"]
[Site "Victoria CAN"]
[Date "2001.09.02"]
[Round "3"]
[White "Martinovsky, Ian"]
[Black "Paulson, Stewart"]
[Result "1-0"]
[WhiteElo "2216"]
[BlackElo "1537"]
[PlyCount "49"]
[GameId "2160767911550928"]
[EventDate "2001.09.01"]
[EventType "swiss"]
[EventRounds "6"]
[EventCountry "CAN"]
[SourceTitle "EXT 2022"]
[Source "ChessBase"]
[SourceDate "2021.10.06"]
[SourceVersion "1"]
[SourceVersionDate "2021.10.06"]
[SourceQuality "1"]

1. e4 e5 2. Nf3 Nc6 3. Bb5 a6 4. Ba4 Bc5 5. O-O Nge7 6. c3 O-O 7. d4 exd4 8. cxd4 Bb6 9. d5 Na7 10. Bg5 d6 11. Nbd2 Bd7 12. Bc2 c6 13. e5 dxe5 14. d6 f6 15. dxe7 Qxe7 16. Bh4 Bg4 17. h3 Bh5 18. Bf5 Rad8 19. Qb3+ Kh8 20. Qxb6 Nb5 21. Rfe1 Bxf3 22. Nxf3 Qb4 23. Nxe5 Rde8 24. Re4 Qe7 25. Ng6+ 1-0